| 000 | 01366nam a2200361 a 4500 | ||
|---|---|---|---|
| 999 |
_c328049 _d328049 |
||
| 003 | BLK | ||
| 005 | 20250701144716.0 | ||
| 008 | 181218b bu ||||| |||| 00| 0 bu d | ||
| 020 | _a978-954-28-2763-4 | ||
| 040 | _aBLK | ||
| 041 |
_aBUL _cBUL |
||
| 080 |
_aГеография на България _b913(497.2) |
||
| 080 |
_aКраезнание _b908 |
||
| 100 |
_aНиколаева, Весела _eпърви автор _91299 |
||
| 139 |
_aНиколаева, Весела _bН 72 |
||
| 245 |
_aОт Балкана до Дунав _bИдеи за пътешествия в Дунавска България _cВесела Николаева и др. |
||
| 260 |
_9217021 _aСофия _bСиела Норма _c2018 |
||
| 300 |
_a232 с. _bсъс сн. |
||
| 380 | _a91 | ||
| 650 | 7 |
_9159613 _aКраезнание |
|
| 651 | 0 |
_9249743 _aСтара планина |
|
| 651 | 7 |
_9178850 _aДунавска равнина |
|
| 651 | 7 |
_9178849 _aДунав |
|
| 653 | 7 |
_9195012 _aпътешествия |
|
| 653 | 7 |
_9198787 _aтуристически маршрути |
|
| 700 |
_aГавраилов, Гавраил _eсъавт. _91445 |
||
| 700 |
_aМихов, Михаил _eсъавт. _91445 |
||
| 852 |
_bП _cП 913(497.2)/Н 72 |
||
| 852 | _cК 91/Н 72 | ||
| 942 |
_n0 _cKNG _030 _s1 |
||
| 999 | _d328049 | ||
| 944 |
_k30531 _lЦветелина Шанова |
||